Olympique Lyonnais ou AS Saint-Étienne ? Rivalités #8 - Statistiques

Statistiques générales
  • Ce quiz a été pris 984 fois
  • Le résultat moyen est 11 sur 12
Statistiques - réponses
Question Réponse % Correct
Lequel a déjà compté dans ses rangs Miralem Pjanić, Karim Benzema et Sonny Anderson ? Olympique Lyonnais
100%
Lequel est indissociable de la couleur verte ? AS Saint-Étienne
99%
Lequel est actuellement en Ligue 2 (2023-2024) ? AS Saint-Étienne
99%
Lequel a une étoile sur son maillot ? AS Saint-Étienne
97%
Lequel se trouve dans le département numéro 69 ? Olympique Lyonnais
97%
Lequel a récemment atteint les demies finales de Ligue des Champions ? Olympique Lyonnais
97%
Lequel a été fondé par la société de magasins Casino ? AS Saint-Étienne
94%
Lequel a déjà atteint la finale de la Ligue des Champions ? AS Saint-Étienne
93%
Lequel est le plus vieux ? AS Saint-Étienne
92%
Lequel a remporté le plus de championnats ? AS Saint-Étienne
91%
Lequel a été coaché par Claude Puel ? Les deux
64%
Lequel a gagné le plus de Coupe de France ? AS Saint-Étienne
58%
Aucun quiz correspondant
Distribution des résultats
% des personnes avec chaque résultat
Percentile par nombre de réponses
Votre historique - résultats
Vous n’avez pas pris ce quiz